[Event "bom jogo"]
[Site "http://www.queenalice.com/game.php?id=248323"]
[Date "2007.8.1"]
[Round "-"]
[White "PapaC"]
[Black "corinthians2"]
[Result "0-1"]
[WhiteElo "1889"]
[BlackElo "2135"]

1. d4 Nf6 2. Nf3 e6 3. e3 b6 4. Bd3 Bb7 5. Nbd2 c5 6. b3 Be7 7. Bb2 O-O 8. O-O
Nc6 9. a3 Qc7 10. c4 d6 11. Rc1 Rfe8 12. Re1 Rad8 13. Nf1 Qb8 14. Ng3 cxd4 15.
exd4 d5 16. Qe2 Na5 17. Qc2 Rc8 18. Qd1 dxc4 19. bxc4 Qa8 20. Qe2 Bxf3 21. gxf3
Qb8 22. Bb1 Qf4 23. Qd3 Bd6 24. d5 e5 25. Ne4 Nxe4 26. Rxe4 Qh6 27. Qe3 Qxe3 28.
fxe3 Nb7 29. Rg4 Nc5 30. Bc2 g6 31. h4 h5 32. Rg2 Kh7 33. e4 Re7 34. Re1 Nd7 35.
Bd3 Bc5+ 0-1

[Event "bom jogo"]
[Site "http://www.queenalice.com/game.php?id=248324"]
[Date "2007.8.1"]
[Round "-"]
[White "corinthians2"]
[Black "PapaC"]
[Result "1-0"]
[WhiteElo "2104"]
[BlackElo "2007"]

1. e4 Nc6 2. Nf3 d5 3. exd5 Qxd5 4. Nc3 Qa5 5. d4 Bg4 6. Bb5 O-O-O 7. Bxc6 bxc6
8. h3 Bh5 9. Qd3 Bg6 10. Qc4 Qb6 11. O-O e6 12. Be3 Nf6 13. Ne5 Kb7 14. Qa4 Nd5
15. Nxd5 exd5 16. c4 dxc4 17. Nxc4 Qb5 18. Na5+ Ka6 19. Qxb5+ Kxb5 20. Nb3 a5
21. Rfc1 a4 22. Nc5 Rd5 23. b3 a3 24. Na4 Bd6 25. Nc3+ Kb6 26. Nxd5+ cxd5 27.
Kf1 Re8 28. Kg1 f5 29. g3 Bh5 30. Bf4 Bxf4 31. gxf4 Re4 32. Rc5 c6 33. Rac1 Be8
34. b4 Rxd4 35. Ra5 Rxb4 36. Rxa3 1-0

[Event "AUTO-MASTER-356"]
[Site "http://www.queenalice.com/game.php?id=248947"]
[Date "2007.8.1"]
[Round "1"]
[White "PapaC"]
[Black "arauca"]
[Result "1/2-1/2"]
[WhiteElo "2028"]
[BlackElo "2137"]

1. d4 d5 2. Nf3 Nc6 3. e3 e5 4. Nxe5 Nxe5 5. dxe5 c6 6. c4 Be6 7. Qb3 Qb6 8. Nc3
Qxb3 9. axb3 a6 10. Bd3 Bc5 11. O-O Ne7 12. Bd2 g5 13. Kh1 O-O-O 14. Na4 Ba7 15.
Ba5 Rd7 16. c5 d4 17. Bc4 Nf5 18. exd4 Nxd4 19. Bc3 Rhd8 20. Ba5 Re8 21. Rad1
Nxb3 22. Bxe6 Rxe6 23. Rxd7 Kxd7 24. Rd1+ Ke8 25. Bc7 Nxc5 26. Rd8+ Ke7 27. Ra8
Nxa4 28. Rxa7 Nxb2 29. Rxb7 Nc4 30. Bd6+ 1/2-1/2

[Event "AUTO-MASTER-356"]
[Site "http://www.queenalice.com/game.php?id=248948"]
[Date "2007.8.1"]
[Round "1"]
[White "arauca"]
[Black "PapaC"]
[Result "1/2-1/2"]
[WhiteElo "2141"]
[BlackElo "2002"]

1. d4 f5 2. g3 Nf6 3. Bg2 g6 4. Nf3 Bg7 5. O-O O-O 6. c4 d6 7. Nc3 c6 8. d5 e6
9. dxe6 Bxe6 10. b3 Ne4 11. Nxe4 Bxa1 12. Bg5 Qd7 13. Qxa1 fxe4 14. Nd4 Bh3 15.
e3 Bxg2 16. Kxg2 Na6 17. Bh6 Rf7 18. Ne2 Qf5 19. Nf4 g5 20. Nh3 Qf3+ 21. Kg1 Qh5
22. Nxg5 Qxh6 23. Nxf7 Kxf7 24. Qd4 Qe6 25. f3 Qe5 26. fxe4+ Ke6 27. Qd2 Re8 28.
Qf2 Re7 29. Qf8 Qxe4 30. Qc8+ Ke5 31. Qh8+ Ke6 32. Qc8+ 1/2-1/2

[Event "AUTO-MASTER-356"]
[Site "http://www.queenalice.com/game.php?id=248949"]
[Date "2007.8.1"]
[Round "1"]
[White "PapaC"]
[Black "jsm"]
[Result "0-1"]
[WhiteElo "1713"]
[BlackElo "2003"]

1. d4 c5 2. e3 Nf6 3. Nf3 g6 4. b3 Bg7 5. Bb2 O-O 6. Nbd2 cxd4 7. exd4 d5 8. Bd3
Nc6 9. O-O Bg4 10. h3 Bxf3 11. Qxf3 Qa5 12. Rfd1 Rac8 13. a3 Rfe8 14. b4 Qb6 15.
Nb3 e5 16. dxe5 Nxe5 17. Qf4 Nxd3 18. cxd3 Rc2 19. Bd4 Nh5 20. Qg4 Bxd4 21. Qxd4
Qxd4 0-1

[Event "AUTO-MASTER-356"]
[Site "http://www.queenalice.com/game.php?id=248950"]
[Date "2007.8.1"]
[Round "1"]
[White "jsm"]
[Black "PapaC"]
[Result "1-0"]
[WhiteElo "2007"]
[BlackElo "1709"]

1. Nf3 Nf6 2. d4 g6 3. c4 Bg7 4. Nc3 O-O 5. e4 b6 6. Bd3 Bb7 7. O-O d6 8. h3
Nbd7 9. Be3 Ne8 10. Rc1 e6 11. Re1 f5 12. Bg5 Bf6 13. Bxf6 Nexf6 14. exf5 gxf5
15. Rxe6 Ne8 16. Qe2 Ng7 17. Re7 Ne5 18. Rxg7+ Kxg7 19. dxe5 dxe5 20. Qxe5+ Kg8
21. Nd5 1-0

[Event "AUTO-MASTER-356"]
[Site "http://www.queenalice.com/game.php?id=248951"]
[Date "2007.8.1"]
[Round "1"]
[White "PapaC"]
[Black "neijrodrigues"]
[Result "1-0"]
[WhiteElo "2019"]
[BlackElo "1519"]

1. d4 Nf6 2. Nf3 g6 3. Bg5 Bg7 4. Nbd2 O-O 5. e3 d5 6. c3 c5 7. Be2 cxd4 8. exd4
Bf5 9. Qb3 Qb6 10. Qxb6 axb6 11. O-O Nc6 12. Bf4 Rfc8 13. Rfe1 h6 14. h3 1-0

[Event "AUTO-MASTER-356"]
[Site "http://www.queenalice.com/game.php?id=248952"]
[Date "2007.8.1"]
[Round "1"]
[White "neijrodrigues"]
[Black "PapaC"]
[Result "0-1"]
[WhiteElo "1878"]
[BlackElo "2008"]

1. e4 Nc6 2. Nf3 d5 3. exd5 Qxd5 4. d4 Bg4 5. c3 Bxf3 6. Qxf3 Qxf3 7. gxf3 O-O-O
8. Bb5 Nb8 9. Bf4 e6 10. Rg1 Nf6 11. Nd2 Nbd7 12. O-O-O Nb6 0-1

[Event "AUTO-MASTER-357"]
[Site "http://www.queenalice.com/game.php?id=249470"]
[Date "2007.8.2"]
[Round "1"]
[White "jsteffi1"]
[Black "PapaC"]
[Result "1-0"]
[WhiteElo "2253"]
[BlackElo "1735"]

1. d4 f5 2. Bf4 Nf6 3. Nf3 g6 4. h3 Bg7 5. e3 c6 6. c3 Qb6 7. Qb3 d6 8. Nbd2
Nbd7 9. Bc4 Qxb3 10. axb3 Nh5 11. Bh2 Nb6 12. Be2 Nf6 13. O-O O-O 14. Nc4 Be6
15. Nxb6 axb6 16. b4 h6 17. Nd2 Ne4 18. Nxe4 fxe4 19. b5 c5 20. Bg3 Ra5 21. Rxa5
bxa5 22. dxc5 dxc5 23. Bc7 a4 24. Ra1 Bb3 25. f3 h5 26. Bb6 1-0

[Event "AUTO-MASTER-357"]
[Site "http://www.queenalice.com/game.php?id=249471"]
[Date "2007.8.2"]
[Round "1"]
[White "PapaC"]
[Black "jsteffi1"]
[Result "0-1"]
[WhiteElo "1733"]
[BlackElo "2254"]

1. d4 d5 2. Nf3 Bf5 3. c4 dxc4 4. Nc3 Nf6 5. Bf4 c6 6. e3 b5 7. a4 Qb6 8. Nh4
Bg4 9. f3 Bd7 10. a5 Qb7 11. Qc2 e6 12. g4 Bb4 13. Bg2 Nd5 14. O-O Be7 15. g5
Na6 16. Nxd5 cxd5 17. Qd2 Nb4 18. e4 Nd3 19. Bg3 Bb4 20. Qe2 O-O 21. f4 Rae8 22.
e5 a6 23. f5 Qa7 24. Qg4 Bd2 25. g6 Be3+ 26. Kh1 fxg6 27. fxg6 Qxd4 0-1

[Event "AUTO-MASTER-357"]
[Site "http://www.queenalice.com/game.php?id=249485"]
[Date "2007.8.2"]
[Round "1"]
[White "neijrodrigues"]
[Black "PapaC"]
[Result "0-1"]
[WhiteElo "1589"]
[BlackElo "2011"]

1. e4 Nc6 2. d4 d5 3. e5 Bf5 4. Nf3 Nb4 5. Na3 c5 6. c3 Nc6 7. Be3 c4 8. Be2 f6
9. Nc2 Nh6 10. Bxh6 gxh6 0-1

[Event "AUTO-MASTER-357"]
[Site "http://www.queenalice.com/game.php?id=249486"]
[Date "2007.8.2"]
[Round "1"]
[White "PapaC"]
[Black "eliasdiniz"]
[Result "1-0"]
[WhiteElo "2007"]
[BlackElo "1864"]

1. d4 Nf6 2. Nf3 e6 3. Bg5 b6 4. Nbd2 Bb7 5. e4 Be7 6. Bd3 c5 7. c3 d5 8. Bxf6
Bxf6 9. e5 Be7 10. h4 Nc6 11. Rc1 Rc8 12. a4 a6 13. Rh3 cxd4 14. cxd4 Nb4 15.
Bb1 Rxc1 16. Qxc1 Bc6 17. b3 a5 18. Rg3 O-O 19. Ng5 Bxg5 20. hxg5 b5 21. Qd1
bxa4 22. Bxh7+ Kxh7 23. Qh5+ Kg8 24. Rh3 1-0

[Event "AUTO-MASTER-357"]
[Site "http://www.queenalice.com/game.php?id=249487"]
[Date "2007.8.2"]
[Round "1"]
[White "eliasdiniz"]
[Black "PapaC"]
[Result "1-0"]
[WhiteElo "1850"]
[BlackElo "1845"]

1. b4 Nf6 2. Bb2 d5 3. Nf3 e6 4. b5 Bc5 5. e3 a6 6. bxa6 Nxa6 7. Be2 Nb4 8. a4
O-O 9. O-O Nc6 10. c4 Bd6 11. Nc3 Ne4 12. cxd5 exd5 13. Qb3 Na5 14. Qc2 Nf6 15.
Nb5 Nc6 16. Nbd4 Nxd4 17. Nxd4 c6 18. Bc3 Ne4 19. a5 Qh4 20. g3 Qg5 21. Bf3 Bh3
22. Bg2 Bxg2 23. Kxg2 Qh5 24. a6 bxa6 25. Qd3 Ng5 26. h4 1-0

[Event "AUTO-MASTER-366"]
[Site "http://www.queenalice.com/game.php?id=257256"]
[Date "2007.8.18"]
[Round "1"]
[White "vgovidal"]
[Black "PapaC"]
[Result "1-0"]
[WhiteElo "2028"]
[BlackElo "1913"]

1. e4 Nc6 2. Nf3 d5 3. exd5 Qxd5 4. Nc3 Qa5 5. Bb5 Bd7 6. d4 O-O-O 7. d5 Nb8 8.
Qe2 f6 9. Bd2 c6 10. dxc6 Bxc6 11. Qe6+ 1-0

[Event "AUTO-MASTER-366"]
[Site "http://www.queenalice.com/game.php?id=257257"]
[Date "2007.8.18"]
[Round "1"]
[White "PapaC"]
[Black "vgovidal"]
[Result "0-1"]
[WhiteElo "1902"]
[BlackElo "2039"]

1. e4 e5 2. Nf3 Nc6 3. d4 exd4 4. Nxd4 Bc5 5. Be3 Bxd4 6. Bxd4 Nf6 7. Nc3 O-O 8.
Be3 Re8 9. Bc4 d6 10. f3 Ne5 0-1

[Event "AUTO-MASTER-366"]
[Site "http://www.queenalice.com/game.php?id=257266"]
[Date "2007.8.18"]
[Round "1"]
[White "PapaC"]
[Black "DINTERINBEBIM"]
[Result "0-1"]
[WhiteElo "1891"]
[BlackElo "2261"]

1. d4 Nf6 2. Nf3 g6 3. c4 c5 4. Nc3 cxd4 5. Nxd4 Nc6 6. Bg5 Bg7 7. e3 Qa5 8.
Bxf6 Bxf6 9. Be2 Nxd4 10. exd4 d6 11. O-O Be6 12. Qd2 Rc8 13. d5 Bd7 14. Rfd1
Be5 15. Nb5 Qxd2 16. Rxd2 Bxb5 17. cxb5 Kd7 18. g3 Rc5 0-1

[Event "AUTO-MASTER-366"]
[Site "http://www.queenalice.com/game.php?id=257267"]
[Date "2007.8.18"]
[Round "1"]
[White "DINTERINBEBIM"]
[Black "PapaC"]
[Result "1-0"]
[WhiteElo "2247"]
[BlackElo "2040"]

1. e4 Nc6 2. d4 d5 3. Nc3 Nf6 4. e5 Nd7 5. Nxd5 Ndb8 6. Nc3 Qxd4 7. Be3 Qb4 8.
f4 e6 9. a3 Qxb2 10. Na4 Bb4+ 11. Kf2 Qxa1 12. Qxa1 Ba5 13. Nf3 1-0